| 000 | 00476nam a2200193Ia 4500 | ||
|---|---|---|---|
| 005 | 20251020182600.0 | ||
| 008 | 200515s9999 xx 000 0 und d | ||
| 082 | _aSC/331.871/V37 | ||
| 110 | _aVEGA RUIZ, María Luz | ||
| 245 | 0 | _aLa reforma laboral en América Latina : un análisis comparado | |
| 260 | _aLima | ||
| 260 | _c2001 | ||
| 300 | _a248 | ||
| 650 | _aAMERICA LATINA | ||
| 650 | _aPUB OIT | ||
| 650 | _aREFORMA LABORAL | ||
| 650 | _aTRABAJO | ||
| 942 | _cLIB | ||
| 999 |
_c3029 _d3029 |
||